| 000 | 00620nam a2200169Ia 4500 | ||
|---|---|---|---|
| 003 | OSt | ||
| 005 | 20260125113101.0 | ||
| 008 | 241202s9999 xx 000 0 und d | ||
| 040 | _c0 | ||
| 100 | _aDr. Siddhartha S. S. Jyothi | ||
| 245 | 0 |
_aFactors deterring palliative care accessibility for non-cancer patients in Tamil Nadu and Kerala : _ba comparative study in sivagangai and Calicut / _cDr. S. S. Jyothi Siddhartha |
|
| 260 |
_aBangalore : _bNLSIU, _c2023. |
||
| 300 |
_a86 p. : _c24 cm |
||
| 700 | _aMs. Sudipa Sarkar - Supervisor | ||
| 856 | _uhttps://dans.nls.ac.in/handle/123456789/2148 | ||
| 942 |
_cDIS _2ddc |
||
| 999 |
_c213199 _d213199 |
||